Music Quiz

Random Music or Bands Quiz

Two Word Bands by Picture Quiz Stats

 Plays Quiz Updated Nov 22, 2020

Support Sporcle.
Go Orange.
Score 0/19 Timer 06:00
1 Play Today
% Correct
Fleetwood Mac
88.2%
ZZ Top
84.5%
Bee Gees
82.1%
Green Day
79%
Culture Club
78.4%
Maroon 5
72.1%
Foo Fighters
70.8%
Led Zeppelin
69.8%
One Direction
69%
No Doubt
59.9%
% Correct
Duran Duran
52.5%
Wilson Phillips
51.9%
Grateful Dead
51.8%
Beastie Boys
49%
Lynyrd Skynyrd
42.2%
Jefferson Airplane
40.7%
Lady A
35.7%
Pink Floyd
31.1%
Steely Dan
24.7%

From the Vault

Remove Ads.
Support Sporcle.
Get the best of Sporcle when you Go Orange. This ad-free experience offers more features, more stats, and more fun while also helping to support Sporcle. Thank you for becoming a member.

Show Comments

Extras

Top Quizzes Today


Score Distribution

Your Account Isn't Verified!

In order to create a playlist on Sporcle, you need to verify the email address you used during registration. Go to your Sporcle Settings to finish the process.

Report this User

Report this user for behavior that violates our Community Guidelines.

Details: